| 000 | 00392 a2200169 4500 | ||
|---|---|---|---|
| 001 | 187041 | ||
| 020 | _a85-250-3766-4 | ||
| 040 | _cMagnum | ||
| 100 | _aCoelho, Paulo | ||
| 240 | 1 | 0 |
_aO gĂȘnio e as rosas e outros contos _lpor |
| 245 | 1 | 0 | _aO gĂȘnio e as rosas e outros contos |
| 300 | _a63 | ||
| 362 | 0 | _a2004 | |
| 440 | 1 | _aGlobo | |
| 697 | _aLITERATURA INFANTO-JUVENIL | ||
| 942 | _cBK | ||
| 999 |
_c187041 _d187041 |
||